Front office : procedures, social skills, yield and management /

Đã lưu trong:
Bibliografiske detaljer
Hovedforfatter: Abbott, Peter.
Format: Bog
Sprog:English
Udgivet: Oxford : Butterworth-Heinemann, 1999.
Udgivelse:2nd ed.
Fag:
Tags: Tilføj Tag
Ingen Tags, Vær først til at tagge denne postø!
Thư viện lưu trữ: Mạng thư viện Đại học Đà Nẵng
LEADER 00876cam a2200337 i 4500
001 000046264
003 5723
005 20030320100519.0
008 010220|1999 vm 000 eng
020 |a 0750642300 
040 |a IRC  |c IRC  |d IRC 
041 0 |a eng 
082 1 4 |a 647.94068  |b AB-P 
100 1 |a Abbott, Peter. 
245 0 0 |a Front office :  |b procedures, social skills, yield and management /  |c Peter Abbott. 
250 |a 2nd ed. 
260 |a Oxford :  |b Butterworth-Heinemann,  |c 1999. 
300 |a 211p. :  |b ill. 
630 0 4 |a Hotel management. 
650 0 4 |a Hotel management. 
650 0 4 |a Hotel front desk personnel. 
OWN |a DUT 
999 |a From the UDN01 
TYP |a Monograph 
TYP |a Printed language 
980 |a Mạng thư viện Đại học Đà Nẵng